Hajimete no nihongo nōryoku shiken N1 tango 3000 = 3000 essential vocabulary for the JLPT N1 /
はじめての日本語能力試験N1単語 3000 = 3000 essential vocabulary for the JLPT N1.
| Erakunde egilea: | |
|---|---|
| Formatua: | Liburua |
| Hizkuntza: | Japanese English Vietnamese |
| Argitaratua: |
Tokyo :
Kabushiki Kaisha Asuku Shuppan,
2017
|
| Gaiak: | |
| Classic Catalogue: | View this record in Classic Catalogue |
| LEADER | 02570nam a22003977a 4500 | ||
|---|---|---|---|
| 001 | 44756 | ||
| 003 | BD-DhAAL | ||
| 005 | 20260519131429.0 | ||
| 008 | 250911t20252017ja a|||| |||| 001 0 jpn d | ||
| 020 | |a 9784872179859 | ||
| 020 | |a 4872179854 | ||
| 040 | |a BD-DhAAL |d BD-DhAAL | ||
| 041 | |a jpn |a eng |a vie | ||
| 082 | |a 495.683421 |2 23 | ||
| 245 | |6 880-1 |a Hajimete no nihongo nōryoku shiken N1 tango 3000 = |b 3000 essential vocabulary for the JLPT N1 / | ||
| 246 | 3 | 1 | |f Nihongo nōryoku shiken N1 tango 1000. N1 tango 3000. |
| 246 | 3 | 1 | |f 3000 essential vocabulary for the JLPT N1. |
| 246 | 3 | 1 | |f Three thousand essential vocabulary for the JLPT N1. |
| 246 | 3 | 1 | |f First Japanese language proficiency test N1 3000. |
| 260 | |a Tokyo : |b Kabushiki Kaisha Asuku Shuppan, |c 2017 |g (printing 2025) | ||
| 300 | |a 335 pages : |b illustrations ; |c 19 cm + |e 1 plastic sheet (transparent red ; 12 x 16 cm) | ||
| 500 | |a first printing 2017 tenth printing 2025 Includes index | ||
| 526 | |x Annajiat Alim Rasel Senior Lecturer Department of Computer Science & Engineering Course Name and No: Japanese Language and General for ITEE (JPN 101) | ||
| 541 | |a Trim education |e 44766, 44767 | ||
| 546 | |a In Japanese, with English and Vietnamese translations. | ||
| 650 | |a Japanese language |x Vocabulary |x Study guides. |9 59292 | ||
| 650 | |a Japanese language |x Conversation and phrase books. |9 59297 | ||
| 650 | |a Japanese language |x Ability testing |x Study guides. |9 59294 | ||
| 650 | |a Japanese language |x Self-instruction. |9 59273 | ||
| 710 | |6 880-2 |a Arc Academy, |e author. |9 59274 | ||
| 880 | |6 245-1 |a はじめての日本語能力試験N1単語 3000 = |b 3000 essential vocabulary for the JLPT N1. | ||
| 880 | |6 710-2 |a アークアカデミー, |b author. | ||
| 942 | |c BK |2 ddc | ||
| 999 | |c 47431 |d 47431 | ||
| 952 | |0 0 |1 0 |2 ddc |4 0 |6 495_683421000000000_HAJ |7 0 |9 78077 |a BRACUL |b BRACUL |c NEW |d 2025-09-02 |e Trim Education |g 3700.00 |l 2 |m 1 |o 495.683421 HAJ |p 3010044756 |r 2026-02-02 |s 2026-01-18 |t 1 |v 7400.00 |w 2025-09-02 |y BK |x Requisitioned by Annajiat Alim Rasel (Senior Lecturer, Department of Computer Science and Engineering, BRAC University) for the course named - 'Japanese Language and General for ITEE (JPN 101)' | ||
| 952 | |0 0 |1 0 |2 ddc |4 0 |6 495_683421000000000_HAJ |7 1 |9 78078 |a BRACUL |b BRACUL |c REF |d 2025-09-02 |e Trim Education |g 3700.00 |l 0 |o 495.683421 HAJ |p 3010044757 |r 2025-09-02 |t 2 |v 7400.00 |w 2025-09-02 |y BK |x Requisitioned by Annajiat Alim Rasel (Senior Lecturer, Department of Computer Science and Engineering, BRAC University) for the course named - 'Japanese Language and General for ITEE (JPN 101)' | ||